| 000 | 00809na a2200265 4500 | ||
|---|---|---|---|
| 001 | 14049 | ||
| 003 | MIRAKIL | ||
| 005 | 20181213155030.0 | ||
| 008 | 161024b tu 000 0 | ||
| 020 | _a9758612174 | ||
| 035 | _a14049 | ||
| 040 |
_aMilas _btur _cTR-AnCHP |
||
| 041 | _atur | ||
| 082 |
_a352.095621124 _bE67k 2004 |
||
| 090 | _a352.095621124 E67k 2004 | ||
| 100 | _aErten, Metin | ||
| 245 |
_aKarşıyaka kent meclisi _bkent yönetimine bir katılım deneyimi _cMetin Erten |
||
| 246 | _aKent yönetimine bir katılım deneyimi | ||
| 260 |
_aİstanbul _bAnahtar Kitaplar Yayınevi _c2004 |
||
| 300 |
_a208 s. _c19 sm. |
||
| 500 | _aKaynakça var. | ||
| 650 |
_aBelediye meclis üyeleri _zKarşıyaka (İzmir) |
||
| 650 |
_aBelediye yönetimi _zKarşıyaka Belediyesi |
||
| 942 |
_2ddc _cBKS |
||
| 999 |
_c5223 _d5223 |
||